000 00919nam a22002777a 4500
003 CO-BoRNBP
005 20240722110949.0
007 ta
008 240722s2018 mx a|||| |||| 00| 0 spa d
020 _a9786075322438
040 _aCO-BoRNBP
_bSpa
_cCO-BoRNBP
_drda
041 _aEspañol
084 _aC DOL
100 _aDolphin, Silver
_eautor
_941644
245 1 _a¡Lee, arma y diviértete!
_bAnimales de la selva
_cSilver Dolphin; ilustraciones, Jordi Busquets
250 _aPrimera edición
264 1 _aMéxico
_bSusaeta Ediciones S.A.
_c2018
300 _a8 páginas
_bilustraciones a color
_cAlto 19cm X 19cm
336 _2rdacontent
_atexto
_btxt
337 _2rdamedia
_asin mediación
_bn
338 _2rdacarrier
_avolumen
_bnc
650 1 7 _2ARMARC
_aCuento infantil
_916411
650 1 7 _2ARMARC
_aanimales de la selva
_941645
650 1 7 _2ARMARC
_aliteratura infantil mexicana
_92461
942 _2ddc
_cBKINF
999 _c38198
_d38198